British Towns/Cities by Clues Quiz Stats

Quiz Updated Mar 6, 2016

Also try: UK Postcode Areas
Challenge
Share
Tweet
Embed
Score 0/25 Timer 04:00
17 Plays Today
% Correct
Liverpool
91.3%
Dover
89.9%
Nottingham
88.8%
Canterbury
87.9%
Hastings
86.8%
Manchester
83.5%
London
79.4%
Newcastle
76.1%
Lancaster
74.8%
Oxford
74.4%
Bath
71%
Kendal
66.3%
Glasgow
65.4%
% Correct
Portsmouth
64.2%
Bristol
63.5%
Southampton
62.6%
Belfast
62%
Coventry
61.2%
Edinburgh
58.3%
Cambridge
58.2%
Winchester
55.2%
Birmingham
48.5%
Aberdeen
46.3%
Sheffield
44.8%
Swansea
29.2%

You're not logged in!

Compare scores with friends on all Sporcle quizzes.
Sign Up with Email
OR
Log In

You Might Also Like...

Show Comments

Extras

Top Quizzes Today


Score Distribution

Your Account Isn't Verified!

In order to create a playlist on Sporcle, you need to verify the email address you used during registration. Go to your Sporcle Settings to finish the process.